000
00329nam a2200133Ia 4500
008
191201s2011 xx 000 0 und d
100
_a
BHAKTIVEDANTA,AC
245
0
_a
Bhagavad Gita As it is
250
_a
Rep
260
_a
N. Delhi
_b
Bhaktivedanta book trust
_c
2011
300
_a
576
650
_a
General Books
942
_2
ddc
_c
BK
999
_c
5745
_d
5745